Psyche: seelencult und unsterblichkeitglaube der griechen
Αποθηκεύτηκε σε:
| Κύριος συγγραφέας: | |
|---|---|
| Μορφή: | Βιβλίο |
| Γλώσσα: | Γερμανικά |
| Έκδοση: |
Tubinga
J. C. Mohr
1921
|
| Θέματα: | |
| Ετικέτες: |
Προσθήκη ετικέτας
Δεν υπάρχουν, Καταχωρήστε ετικέτα πρώτοι!
|
MARC
| LEADER | 00000nam a2200000 a 4500 | ||
|---|---|---|---|
| 001 | UCP5341 | ||
| 003 | CL-VaPUC | ||
| 008 | 990903e19210000GW |||||||||||||||||ger|d | ||
| 082 | 0 | 4 | |a 292 |b ROH |2 21 |
| 100 | 0 | |a Rohde, Erwin |e author |9 433683 | |
| 245 | 1 | 0 | |a Psyche: seelencult und unsterblichkeitglaube der griechen |
| 300 | |a 448 p | ||
| 942 | |c BK | ||
| 945 | |d 19990903 00:00:00 |a lriquelm | ||
| 260 | |a Tubinga |b J. C. Mohr |c 1921 | ||
| 600 | 0 | |a Homero |e autor |9 265577 | |
| 600 | 0 | 7 | |a HESIODO |2 CL-VaPUC |9 334567 |
| 600 | 0 | 7 | |a PLATON |2 CL-VaPUC |9 222 |
| 600 | 0 | 7 | |a TALES DE MILETO |2 CL-VaPUC |9 335194 |
| 600 | 0 | 7 | |a ANAXIMANDRO |2 CL-VaPUC |9 335243 |
| 600 | 0 | 7 | |a PINDARO |2 CL-VaPUC |9 323045 |
| 600 | 0 | |a Sófocles |e autor |9 269407 | |
| 650 | 7 | |a CULTURA GRIEGA |2 CL-VaPUC |9 265580 | |
| 650 | 0 | |a Alma |9 259008 | |
| 650 | 7 | |a PSIQUE |2 CL-VaPUC |9 369441 | |
| 650 | 0 | |a Sueños |9 267047 | |
| 650 | 0 | |a Fe |9 308036 | |
| 650 | 7 | |a RITOS |2 CL-VaPUC |9 337654 | |
| 650 | 7 | |a COSTUMBRES |2 CL-VaPUC |9 337506 | |
| 650 | 0 | |a Dioses |9 265645 | |
| 650 | 0 | |a Fiestas religiosas |9 349319 | |
| 650 | 7 | |a INMORTALIDAD |2 CL-VaPUC |9 320467 | |
| 650 | 0 | |a Religión |9 255164 | |
| 650 | 7 | |a FIESTAS PAGANAS |2 CL-VaPUC |9 433684 | |
| 583 | |a last modification |c 19990903 00:00:00 |k Rodrigo Vera | ||
| 999 | |c 283108 |d 283106 | ||
| 952 | |0 0 |1 0 |4 0 |6 292_000000000000000_ROH_1921 |7 0 |8 X |9 325900 |a BIBHIS |b BIBHIS |d 2019-11-20 |i 1369245 |o 292 ROH 1921 |p 1369245 |r 2024-01-30 |w 2019-11-20 |y BK_X |k HIS | ||